International routes from Cochin International Airport(COK) - Statistics

General Stats
  • This quiz has been taken 29 times
    8 since last reset
  • The average score is 40 of 42
Answer Stats
Airline International Route Country % Correct
Air Arabia Abu Dhabi United Arab Emirates
100%
Air India Express Abu Dhabi United Arab Emirates
100%
Etihad Airways Abu Dhabi United Arab Emirates
100%
IndiGo Abu Dhabi United Arab Emirates
100%
Air India Express Bahrain Bahrain
100%
Gulf Air Bahrain Bahrain
100%
Thai Air Asia Bangkok-Don Mueang Thailand
100%
Thai Lion Air Bangkok-Don Mueang Thailand
100%
Sri Lankan Airlines Colombo Sri Lanka
100%
Air India Doha Qatar
100%
Air India Express Doha Qatar
100%
Qatar Airways Doha Qatar
100%
Air India Express Dubai-International United Arab Emirates
100%
Emirates Dubai-International United Arab Emirates
100%
FlyDubai Dubai-International United Arab Emirates
100%
IndiGo Dubai-International United Arab Emirates
100%
SpiceJet Dubai-International United Arab Emirates
100%
Saudia Jeddah Saudi Arabia
100%
Air Asia Kuala Lumpur-International Malaysia
100%
Batik Air Malaysia Kuala Lumpur-International Malaysia
100%
Malaysia Airlines Kuala Lumpur-International Malaysia
100%
Air India Express Kuwait City Kuwait
100%
IndiGo Kuwait City Kuwait
100%
Jazeera Airways Kuwait City Kuwait
100%
Kuwait Airways Kuwait City Kuwait
100%
IndiGo Male Maldives
100%
Maldivian Male Maldives
100%
Air India Express Muscat Oman
100%
Air India Express Muscat Oman
100%
IndiGo Muscat Oman
100%
Oman Air Muscat Oman
100%
Thai Air Asia Phuket Thailand
100%
IndiGo Ras Al Khaimah United Arab Emirates
100%
Air India Express Riyadh Saudi Arabia
100%
Saudia Riyadh Saudi Arabia
100%
Air Arabia Sharjah United Arab Emirates
100%
Air India Express Sharjah United Arab Emirates
100%
Singapore Airlines Singapore Singapore
100%
VietJet Air Ho Chin Minh City Vietnam
80%
Air India Express Salalah Oman
80%
SpiceJet Fujariah United Arab Emirates
20%
Maldivian Hamimaadhoo Maldives
20%
No matching quizzes found
Score Distribution
Percent of People with Each Score
Percentile by Number Answered
Your Score History
You have not taken this quiz since the last reset